000
00299nam a22001097a 4500
008
150819b xxu||||| |||| 00| 0 eng d
020
_a
0023657103
082
_a
126 KOL
100
_a
KOLAK DANIEL
245
_a
SELF AND IDENTITY :
_b
CONTEMPORARY PHILOSOPHICAL ISSUES
260
_a
NEW YORK :
_b
MACMILLAN,
_c
1991.
999
_c
70
_d
70